[Event "SVR op"]
[Site "Nickenich"]
[Date "2015.04.02"]
[Round "5"]
[White "Engel, Hans Peter"]
[Black "Heidmann, Horst"]
[Result "1/2-1/2"]
[WhiteElo "1289"]
[BlackElo "1530"]
[PlyCount "93"]
[EventDate "2015.03.28"]
[EventType "swiss"]
[EventRounds "7"]
[EventCountry "GER"]
[SourceTitle "EXT 2016"]
[Source "ChessBase"]
[SourceDate "2015.10.08"]
[SourceVersion "1"]
[SourceVersionDate "2015.10.08"]
[SourceQuality "1"]

1. e4 c5 2. Nf3 d6 3. g3 Nf6 4. d3 Nc6 5. Bg2 Bg4 6. 0-0 Qd7 7. Nc3 e6 8. Re1 Be7 9. Ne2 0-0 10. Nd2 Nd4 11. Bf1 e5 12. c3 Nf3+ 13. Nxf3 Bxf3 14. Bg5 h6 15. Bxf6 Bxf6 16. h3 h5 17. Bg2 Bxg2 18. Kxg2 h4 19. Ng1 g6 20. Qf3 Kg7 21. Qg4 Qe7 22. Nf3 Rh8 23. Nxh4 Bxh4 24. gxh4 Rxh4 25. Qf3 Rf4 26. Qe3 Rh8 27. Rh1 Rh5 28. Rag1 Qf6 29. Kf1 Qe6 30. Rg3 Qxa2 31. Qe2 Kh7 32. Kg2 Qe6 33. Kf1 Qf6 34. Rg4 Rh4 35. c4 Kg7 36. Rxh4 Rxh4 37. Qe3 Rf4 38. Ke2 Qg5 39. Qg3 Qf6 40. Rh2 Qh4 41. Qxh4 Rxh4 42. Kf3 Rh8 43. Kg4 f6 44. f4 exf4 45. Kxf4 Rb8 46. h4 Rh8 47. Kg4 1/2-1/2

[Event "Troisdorf op"]
[Site "Troisdorf"]
[Date "2014.10.21"]
[Round "1"]
[White "Goldenstein, Arnd"]
[Black "Heidmann, Horst"]
[Result "1-0"]
[WhiteElo "2016"]
[BlackElo "1716"]
[PlyCount "41"]
[EventDate "2014.10.21"]
[EventType "swiss"]
[EventRounds "7"]
[EventCountry "GER"]
[SourceTitle "EXT 2016"]
[Source "ChessBase"]
[SourceDate "2015.10.08"]
[SourceVersion "1"]
[SourceVersionDate "2015.10.08"]
[SourceQuality "1"]

1. d4 d5 2. c4 e5 3. dxe5 d4 4. Nf3 c5 5. e3 Nc6 6. Be2 Bf5 7. exd4 cxd4 8. Bd3 Bg4 9. 0-0 Bc5 10. Re1 Bb4 11. Bd2 Bxd2 12. Nbxd2 Nge7 13. a3 0-0 14. Bxh7+ Kh8 15. Bd3 Qc7 16. Qe2 g6 17. Qe4 Qd7 18. Qf4 Ng8 19. h3 Be6 20. Ne4 Qe7 21. Nf6 1-0

[Event "SVR-ch Seniors 37th"]
[Site "Heimbach Weis"]
[Date "2014.04.18"]
[Round "6"]
[White "Burg, Ernst"]
[Black "Heidmann, Horst"]
[Result "1-0"]
[WhiteElo "1710"]
[BlackElo "1524"]
[PlyCount "95"]
[EventDate "2014.04.11"]
[EventType "tourn"]
[EventRounds "9"]
[EventCountry "GER"]
[SourceTitle "CBM 160 Extra"]
[Source "ChessBase"]
[SourceDate "2014.07.01"]
[SourceVersion "1"]
[SourceVersionDate "2014.07.01"]
[SourceQuality "1"]

1. e4 c5 2. Bc4 d6 3. Nc3 Nf6 4. d3 a6 5. a4 e6 6. f4 Nbd7 7. Nf3 Qc7 8. 0-0 Be7 9. Ng5 Nb6 10. Ba2 h6 11. Nh3 Bd7 12. a5 Nc8 13. Bb3 Na7 14. Bd2 Nb5 15. Nxb5 Bxb5 16. f5 e5 17. Rf3 c4 18. Ba2 cxd3 19. cxd3 Nd7 20. Rg3 Bf6 21. Qh5 Rf8 22. Rc1 Qd8 23. Nf2 Bc6 24. Ng4 Qe7 25. Bb4 Bg5 26. Rc2 Bf4 27. Rf3 Qg5 28. Qxg5 Bxg5 29. Bxd6 Be7 30. Bxe7 Kxe7 31. Kf2 f6 32. Ne3 Bb5 33. Nd5+ Kd6 34. Nc3 Bc6 35. Rg3 Nc5 36. Rd2 Bb5 37. d4 exd4 38. Rxd4+ Ke5 39. Rd5+ Kf4 40. Rf3+ Kg5 41. Rxc5 Rad8 42. Nd5 Rfe8 43. Ke3 Bc6 44. Rg3+ Kh4 45. Rxg7 h5 46. Kf4 Bxd5 47. Bxd5 Re5 48. Rc3 1-0

[Event "SVR-ch Seniors 37th"]
[Site "Heimbach Weis"]
[Date "2014.04.12"]
[Round "2"]
[White "Blankenberg, Bruno"]
[Black "Heidmann, Horst"]
[Result "1/2-1/2"]
[WhiteElo "1899"]
[BlackElo "1524"]
[PlyCount "64"]
[EventDate "2014.04.11"]
[EventType "tourn"]
[EventRounds "9"]
[EventCountry "GER"]
[SourceTitle "CBM 160 Extra"]
[Source "ChessBase"]
[SourceDate "2014.07.01"]
[SourceVersion "1"]
[SourceVersionDate "2014.07.01"]
[SourceQuality "1"]

1. d4 d5 2. Nc3 Nf6 3. Bg5 e6 4. e4 dxe4 5. Nxe4 Be7 6. Ng3 0-0 7. Bd3 b6 8. c3 Bb7 9. Nf3 Nbd7 10. 0-0 Rc8 11. Qe2 c5 12. Rfd1 Re8 13. dxc5 Rxc5 14. Be3 Rc8 15. Ng5 h6 16. N5e4 Qc7 17. Nxf6+ Nxf6 18. Nh5 Qe5 19. Nxf6+ Bxf6 20. Qg4 Kh8 21. Re1 Qd6 22. Rad1 Qe7 23. Qh5 Qf8 24. g4 Bf3 25. Rd2 g5 26. Qh3 Bd5 27. a3 Qg7 28. Ba6 Rcd8 29. Red1 Kg8 30. Bd4 Bxd4 31. Rxd4 Rb8 32. Bb5 Rf8 1/2-1/2

[Event "Troisdorf op"]
[Site "Troisdorf"]
[Date "2013.10.29"]
[Round "2"]
[White "Pelz, Andreas"]
[Black "Heidmann, Horst"]
[Result "1-0"]
[WhiteElo "1506"]
[BlackElo "1710"]
[PlyCount "119"]
[EventDate "2013.10.22"]
[EventType "swiss"]
[EventRounds "7"]
[EventCountry "GER"]
[SourceTitle "EXT 2016"]
[Source "ChessBase"]
[SourceDate "2015.10.08"]
[SourceVersion "1"]
[SourceVersionDate "2015.10.08"]
[SourceQuality "1"]

1. e4 c5 2. Nf3 d6 3. d4 cxd4 4. Nxd4 e5 5. Nf3 Nf6 6. Nc3 a6 7. Bc4 Be7 8. Bg5 Nbd7 9. 0-0 b5 10. Bb3 Bb7 11. Re1 b4 12. Bxf6 Nxf6 13. Nd5 Nxd5 14. Bxd5 Bxd5 15. Qxd5 0-0 16. c3 bxc3 17. bxc3 Rc8 18. Qb7 a5 19. Qb2 Qd7 20. Re3 Rb8 21. Qc2 Rfc8 22. Rd1 Qb5 23. a4 Qb2 24. Qxb2 Rxb2 25. Ra1 Rc2 26. Rb1 h6 27. g3 R2xc3 28. Rxc3 Rxc3 29. Kg2 Ra3 30. Rb7 Kf8 31. Rb8+ Bd8 32. Rxd8+ Ke7 33. Ra8 Rxa4 34. Nd2 Rd4 35. Nb3 Rxe4 36. Rxa5 Rb4 37. Ra7+ Ke6 38. Nc1 e4 39. Ne2 g5 40. Ra6 Ke5 41. Ra5+ d5 42. Nc3 Rd4 43. Nb5 Rd2 44. Kf1 e3 45. fxe3 Rxh2 46. Nc3 Rd2 47. Ne2 Ke4 48. Kf2 Rd3 49. Ra4+ Ke5 50. Ra8 Kf6 51. Rd8 Kg7 52. Nd4 Rd2+ 53. Kf3 h5 54. Rxd5 g4+ 55. Kf4 Rf2+ 56. Kg5 Rh2 57. Nf5+ Kh7 58. Rd7 Kg8 59. Kh6 f6 60. Kg6 1-0

[Event "SVR-op 33rd"]
[Site "Mendig"]
[Date "2010.04.02"]
[Round "6"]
[White "Mehlem, Harald"]
[Black "Heidmann, Horst"]
[Result "1-0"]
[WhiteElo "1694"]
[BlackElo "1401"]
[PlyCount "55"]
[EventDate "2010.03.27"]
[EventType "swiss"]
[EventRounds "7"]
[EventCountry "GER"]
[SourceTitle "EXT 2011"]
[Source "ChessBase"]
[SourceDate "2010.11.26"]
[SourceVersion "1"]
[SourceVersionDate "2010.11.26"]
[SourceQuality "1"]

1. e4 e6 2. Nf3 d5 3. exd5 exd5 4. d4 Nf6 5. Bd2 Bd6 6. Be3 0-0 7. Nbd2 h6 8. Ne5 Re8 9. Ndf3 Bg4 10. Qd2 Ne4 11. Qd3 Bxe5 12. dxe5 Nc6 13. 0-0-0 Nb4 14. Qb3 Qe7 15. a3 Nc6 16. h3 Bxf3 17. gxf3 Nc5 18. Qxd5 Ne6 19. Bd3 Ng5 20. f4 Red8 21. Qg2 Nh7 22. Rdg1 f6 23. Bxh7+ Kxh7 24. Qg6+ Kh8 25. Bc5 Qd7 26. exf6 gxf6 27. Qxh6+ Qh7 28. Qxf6+ 1-0

[Event "SVR-op 33rd"]
[Site "Mendig"]
[Date "2010.04.01"]
[Round "5"]
[White "Heidmann, Horst"]
[Black "Baumann, Bettina"]
[Result "0-1"]
[WhiteElo "1401"]
[BlackElo "1582"]
[PlyCount "54"]
[EventDate "2010.03.27"]
[EventType "swiss"]
[EventRounds "7"]
[EventCountry "GER"]
[SourceTitle "EXT 2011"]
[Source "ChessBase"]
[SourceDate "2010.11.26"]
[SourceVersion "1"]
[SourceVersionDate "2010.11.26"]
[SourceQuality "1"]

1. e4 c5 2. Bc4 e6 3. Nf3 d6 4. Nc3 Nf6 5. d3 Be7 6. 0-0 0-0 7. Re1 Nbd7 8. Be3 a6 9. a4 b6 10. d4 cxd4 11. Nxd4 Bb7 12. Bd3 d5 13. exd5 Nxd5 14. Nxd5 Bxd5 15. Qe2 Bb7 16. f4 Nf6 17. Nf3 Bd6 18. Rad1 Qc7 19. g3 Rfe8 20. Bd4 Qc6 21. Bxf6 Qxf3 22. Qxf3 Bxf3 23. Be4 Bxd1 24. Bxa8 Bc5+ 25. Kg2 Rxa8 26. Bxg7 Bxc2 27. Be5 Bxa4 0-1